| 000 | 00861cam a2200241 a 4500 | ||
|---|---|---|---|
| 001 | 000011981 | ||
| 005 | 20241017100006.0 | ||
| 008 | 020424s2001 mx a b 000 0 spa | ||
| 020 | _a9701848225 | ||
| 040 |
_aDO-SdBNP _bspa _cLC _dBNPHU |
||
| 082 |
_a394.266372 _bI24n |
||
| 100 | 1 |
_aIglesias, Sonia. _q[Sonia C. Iglesias y Cabrera]. _928331 |
|
| 245 | 1 | 0 |
_aNavidades mexicanas / _cSonia C. Iglesias y Cabrera. |
| 260 |
_aMéxico : _bCONACULTA, _c2001. |
||
| 300 |
_a307 p. : _bil. ; _c21 cm. |
||
| 504 | _aReferencias bibliográficas p. 299-303. | ||
| 504 | _aIncluye referencias bibliográficas y notas al pie de las páginas. | ||
| 650 | 4 |
_aNavidad _zMéxico _xVida social y costumbres _928332 |
|
| 651 | 4 |
_aMéxico _xVida Social Y Costumbres _927045 |
|
| 650 | 0 |
_aFestividades Religiosas _918297 |
|
| 910 | _aCatalogación por copia / LC | ||
| 049 | _aBNGR | ||
| 999 |
_c11650 _d11650 |
||